[Event "Villa Ballester Verano op 62nd"]
[Site "Villa Ballester"]
[Date "2012.01.21"]
[Round "3"]
[White "Di Chiaro, Roberto Daniel"]
[Black "Santianes, Nahuel"]
[Result "0-1"]
[WhiteElo "1608"]
[BlackElo "1859"]
[PlyCount "48"]
[EventDate "2012.01.19"]
[EventType "swiss"]
[EventRounds "9"]
[EventCountry "ARG"]
[SourceTitle "EXT 2013"]
[Source "ChessBase"]
[SourceDate "2012.11.22"]
[SourceVersion "1"]
[SourceVersionDate "2012.11.22"]
[SourceQuality "1"]

1. e4 e5 2. Nf3 Nc6 3. Bc4 Bc5 4. b4 Bxb4 5. c3 Ba5 6. 0-0 d6 7. d4 Bg4 8. d5 Nce7 9. Qa4+ c6 10. dxc6 bxc6 11. Ng5 Nh6 12. h3 Bd7 13. Rd1 d5 14. exd5 cxd5 15. Bb5 Bb6 16. Ba3 Bxf2+ 17. Kf1 Bb6 18. Ne4 Bxb5+ 19. Qxb5+ Qd7 20. Nd6+ Kd8 21. Qe2 Nef5 22. Nxf5 Nxf5 23. Ke1 Qc6 24. Qxe5 Re8 0-1